NDU-K Library Catalogue

Girl in a jacket 

Encyclopedia of conflict resolution / (Record no. 23715)

MARC details
000 -LEADER
fixed length control field 01260cam a2200349 a 4500
001 - CONTROL NUMBER
control field 3069638
003 - CONTROL NUMBER IDENTIFIER
control field OSt
005 - DATE AND TIME OF LATEST TRANSACTION
control field 20260427085017.0
008 - FIXED-LENGTH DATA ELEMENTS--GENERAL INFORMATION
fixed length control field 970401s1997 cau be 001 0 eng
010 ## - LIBRARY OF CONGRESS CONTROL NUMBER
LC control number 97008637
020 ## - INTERNATIONAL STANDARD BOOK NUMBER
International Standard Book Number 0874368391
Qualifying information alk. paper
020 ## - INTERNATIONAL STANDARD BOOK NUMBER
International Standard Book Number 9780874368390
Qualifying information (alk. paper)
035 ## - SYSTEM CONTROL NUMBER
System control number 3069638
040 ## - CATALOGING SOURCE
Original cataloging agency DLC
Transcribing agency DLC
Modifying agency DLC
050 00 - LIBRARY OF CONGRESS CALL NUMBER
Classification number HM136
Item number .B783 1997
082 00 - DEWEY DECIMAL CLASSIFICATION NUMBER
Classification number 303.6/9/03
Edition number 21
100 1# - MAIN ENTRY--PERSONAL NAME
Personal name Burgess, Heidi.
245 10 - TITLE STATEMENT
Title Encyclopedia of conflict resolution /
Statement of responsibility, etc. Heidi Burgess and Guy M. Burgess.
260 ## - PUBLICATION, DISTRIBUTION, ETC.
Place of publication, distribution, etc. Santa Barbara, Calif. :
Name of publisher, distributor, etc. ABC-CLIO,
Date of publication, distribution, etc. c1997.
300 ## - PHYSICAL DESCRIPTION
Extent x, 356 p. ;
Dimensions 26 cm.
336 ## - CONTENT TYPE
Content type term text
Content type code txt
Source rdacontent
337 ## - MEDIA TYPE
Media type term unmediated
Media type code n
Source rdamedia
338 ## - CARRIER TYPE
Carrier type term volume
Carrier type code nc
Source rdacarrier
504 ## - BIBLIOGRAPHY, ETC. NOTE
Bibliography, etc. note Includes bibliographical references (p. 327-341) and index.
650 #0 - SUBJECT ADDED ENTRY--TOPICAL TERM
Topical term or geographic name entry element Conflict management
General subdivision Encyclopedias.
650 #0 - SUBJECT ADDED ENTRY--TOPICAL TERM
Topical term or geographic name entry element Dispute resolution (Law)
General subdivision Encyclopedias.
700 1# - ADDED ENTRY--PERSONAL NAME
Personal name Burgess, Guy M.,
Dates associated with a name 1949-
906 ## - LOCAL DATA ELEMENT F, LDF (RLIN)
a 7
b cbc
c orignew
d 1
e ocip
f 19
g y-gencatlg
942 ## - ADDED ENTRY ELEMENTS (KOHA)
Source of classification or shelving scheme Library of Congress Classification
Koha item type Normal Collection
Suppress in OPAC No
Holdings
Withdrawn status Lost status Source of classification or shelving scheme Damaged status Not for loan Home library Current library Date acquired Inventory number Total Checkouts Full call number Barcode Date last seen Price effective from Koha item type
    Library of Congress Classification     International Peace Support Training Centre (IPSTC) International Peace Support Training Centre (IPSTC) 27/04/2026 41/2001   HM136 .B783 1997 200100412001 27/04/2026 27/04/2026 Normal Collection
Copyright © 2026 [National Defence University - Kenya]. All rights reserved.